00459 2200169 4500001002100000008004100021035002000062245005800082100002000140260003600160300002700196020002200223084001400245082000800259650001000267990001200277INLIS000000000001425 Ind  a0010-0924000022 aLo Tong ( Lotong Berperang ke Utara )cWahyu Wibusana aWibusana, Wahyu aJakartabPT. Sara Harapanc2015 a131 hlm.c14 x 20,5 cm a978-602-9226-35-5 a813 WAH l a813 aFiksi a0750926